CONSTITUTIONAL GOVERNMENT AND DEMOCRACY THEORY AND PRACTICE IN EUROPE AND AMERICA (Record no. 570214)

000 -LEADER
fixed length control field 00304nam a22001097a 4500
082 ## - DEWEY DECIMAL CLASSIFICATION NUMBER
Classification number 321.8 FRI'C
100 ## - MAIN ENTRY--PERSONAL NAME
Personal name FRIEDRICH, CARL J
9 (RLIN) 60509
245 ## - TITLE STATEMENT
Title CONSTITUTIONAL GOVERNMENT AND DEMOCRACY THEORY AND PRACTICE IN EUROPE AND AMERICA
260 ## - PUBLICATION, DISTRIBUTION, ETC.
Place of publication, distribution, etc. BOSTON
Name of publisher, distributor, etc. GINN & CO
Date of publication, distribution, etc. 1946
300 ## - PHYSICAL DESCRIPTION
Extent 695P
942 ## - ADDED ENTRY ELEMENTS (KOHA)
Koha item type Book
Holdings
Withdrawn status Lost status Damaged status Not for loan Permanent Location Current Location Shelving location Date acquired Total Checkouts Full call number Barcode Date last seen Price effective from Koha item type
        College of Electrical & Mechanical Engineering (CEME) College of Electrical & Mechanical Engineering (CEME) General Stacks 07/19/2017   321.8 FRI'C CEME-238 06/28/2021 06/28/2021 Book
© 2023 Central Library, National University of Sciences and Technology. All Rights Reserved.